000 00706nam a2200229 u 4500
005 20240308063725.0
008 171109s2007 r 000 0 eng d
020 _a9706832777
035 _aUPN01000221535
049 _aC
050 4 _aF1219.3 A7
_bA7.8
245 0 0 _aArte antiguo cora y huichol :
_bla colección de Konrad T. Preuss.
260 _aMéxico :
_bArtes de México,
_c2007.
300 _a104, [8] p. :
_bil. col.
440 0 _aArtes de México ;
_v85
650 4 _aIndígenas de México
_xArte
_94693
650 4 _aIndígenas de México
_xAntigüedades
_94692
650 4 _aHuicholes
_xReligión y mitología
_922692
650 4 _aCORAS
_912436
905 _aLibro
999 _c193632
_d193632